Postsocialistické krajiny a stratégia exportnej orientácie

Súčasná exportno-importná situácia v postsocialistických krajinách. Rozdiel medzi svetovými a postkomunistickými ekonomikami pri uplatňovaní proexportnej stratégie. Zhodnotenie svetovej hospodárskej politiky. Nedostatky a odlišnosti transformujúcich sa ekonomík. Rozvíjanie exportnej stratégie v nede...

Descrizione completa

Salvato in:
Dettagli Bibliografici
Autore principale: Oberhauser, Ján Artur
Natura: Libro
Lingua:slovacco
Soggetti:
Tags: Aggiungi Tag
Nessun Tag, puoi essere il primo ad aggiungerne!!

MARC

LEADER 00000nam a2200000 4500
001 r030648
005 20230824094507.0
041 0 |a slo 
044 |a SK 
245 1 0 |a Postsocialistické krajiny a stratégia exportnej orientácie  |c Ján Artur Oberhauser 
520 |a Súčasná exportno-importná situácia v postsocialistických krajinách. Rozdiel medzi svetovými a postkomunistickými ekonomikami pri uplatňovaní proexportnej stratégie. Zhodnotenie svetovej hospodárskej politiky. Nedostatky a odlišnosti transformujúcich sa ekonomík. Rozvíjanie exportnej stratégie v nedemokratickom prostredí. (Pokračovanie seriálu z čísla 30, ďalej v čísle 40). 
610 2 0 |a podpora vývozu 
610 2 0 |a vývoz 
610 2 0 |a dovoz 
610 2 0 |a produkt domáci hrubý 
610 2 0 |a politika hospodárska 
610 2 0 |a SVE 
610 2 0 |a svet 
610 2 0 |a Všeobecná dohoda o clách a obchode 
100 1 |a Oberhauser, Ján Artur